Human- Computer Interaction (Record no. 3756)

MARC details
005 - DATE AND TIME OF LATEST TRANSACTION
control field 20250611123433.0
020 ## - INTERNATIONAL STANDARD BOOK NUMBER
International Standard Book Number 978-0-13-046109-4
100 ## - MAIN ENTRY--PERSONAL NAME
Author name DIX, A
245 ## - TITLE STATEMENT
Title Human- Computer Interaction
250 ## - EDITION STATEMENT
Edition statement 3th Ed
260 ## - PUBLICATION, DISTRIBUTION, ETC.
Place of publication, distribution, etc. New York
Name of publisher, distributor, etc. Pearson Edcation Limited
Date of publication, distribution, etc. 2004
300 ## - PHYSICAL DESCRIPTION
Extent xxv, 834p.: ill; Figure, Table
Other physical details Reference and Index
Dimensions 23cm
700 ## - ADDED ENTRY--PERSONAL NAME
Other authors/Editors FINLAY, J and ABOWD, G
942 ## - ADDED ENTRY ELEMENTS (KOHA)
Source of classification or shelving scheme Dewey Decimal Classification
Koha item type Books
Holdings
Date last seen Total checkouts Full call number Barcode Cost, replacement price Price effective from Koha item type Lost status Source of classification or shelving scheme Damaged status Not for loan Withdrawn status Home library Current library Shelving location Date acquired Source of acquisition Cost, normal purchase price
06/11/2025   001.6 DIX MBY00055 135000.00 06/11/2025 Books   Dewey Decimal Classification       CBE MBEYA CBE MBEYA Special Reserve Collection 01/28/2016 Purchase 45000.00
06/28/2025   001.6 DIX MBY000765 135000.00 06/28/2025 Books   Dewey Decimal Classification       CBE MBEYA CBE MBEYA General Collection 01/28/2016 PURCHASE 45000.00
06/28/2025   001.6 DIX MBY000774 135000.00 06/28/2025 Books   Dewey Decimal Classification       CBE MBEYA CBE MBEYA General Collection 12/28/2016 PURCHASE 45000.00